A vidéki szállodákban rejlő lehetőségek és a kommunikáció,etikett fontossága a Nádas Tó Park Hotel***superior bemutatásában

Bibliographic Details
Main Author: Szenyán Claudia
Other Authors: Nagy Dr. Adrienne
Format: Project work
Kulcsszavak:kommunikáció
etikett
vidéki turizmus
Online Access:http://dolgozattar.uni-bge.hu/22096

MARC

LEADER 00000nnm a2200000 i 4500
001 dolg22096
005 20190910100502.0
008 190517suuuu hu o 000 hun d
040 |a BGE Dolgozattár Repozitórium  |b hun 
041 |a hu 
100 1 |a Szenyán Claudia 
245 1 2 |a A vidéki szállodákban rejlő lehetőségek és a kommunikáció,etikett fontossága a Nádas Tó Park Hotel***superior bemutatásában  |c Szenyán Claudia  |h [elektronikus dokumentum] 
516 |a Project_work 
695 |a kommunikáció 
695 |a etikett 
695 |a vidéki turizmus 
700 1 |a Nagy Dr. Adrienne  |e ths 
856 4 0 |u http://dolgozattar.uni-bge.hu/22096/1/Projektmunka%20v%C3%A9gleges.pdf  |z Dokumentum-elérés